000 00807nam a22002297a 4500
003 OSt
005 20160624181141.0
008 160624b xxu||||| |||| 00| 0 eng d
020 _a978-1-56881-334-9 (alk. paper)
040 _cLIC
082 _22009
_aDC 006.6
_bB15g
100 _910431
_aBailey, Michael (Michael John),
_d1953-
245 _aGraphics shaders :
_btheory and practice /
_cMike Bailey, Steve Cunningham
260 _aWellesley, Mass. :
_bA K Peters, Ltd.,
_cc2009.
300 _axxvii, 391 pages :
_billustrations (chiefly colored);
_c25 cm.
500 _aIncludes bibliographical references and index.
650 0 _910432
_aComputer graphics
650 0 _910433
_aOpenGL
650 0 _910434
_aThree-dimensional display systems
700 _910435
_aCunningham, Steve
942 _2ddc
_cDC
999 _c3126
_d3126